| 000 | 01068cam a2200277 4500 | ||
|---|---|---|---|
| 008 | 030922n2003 000 0 eng u | ||
| 020 | _a1859460984 | ||
| 035 | _a(Sirsi) u123681 | ||
| 041 | _aeng | ||
| 050 |
_a690.2 _c18 |
||
| 100 | _aJamieson, Nicholas | ||
| 245 | _aConstruction companion to inspecting works | ||
| 260 |
_aLondon _bRIBA _c2003 |
||
| 300 |
_axi, 140p. _c24cm. |
||
| 350 | _a20 | ||
| 490 | _aRIBA Construction Companion Series | ||
| 520 | _aThis accessible guide gives architects guidance on inspecting building works on site. It sets out the architect's duty to inspect as indicated in various terms of engagement, legal requirements, and how to avoid allegations of negligence. It concludes by explaining the practical aspects of inspecting work on site. Bibliography. | ||
| 650 | _aARCHITECTS | ||
| 650 | _aSITE INSPECTIONS | ||
| 650 | _aBUILDING SITES | ||
| 650 | _aBUILDING WORKS | ||
| 650 | _aDUTY OF INSPECTION | ||
| 690 | _aBUILDING AND CONSTRUCTION-MANAGEMENT | ||
| 700 |
_aChappell, David _xSeries Editor |
||
| 942 | _n0 | ||
| 999 |
_c103091 _d103091 |
||